| 000 | 00665nam a2200217Ii 4500 | ||
|---|---|---|---|
| 003 | JO-AjNU | ||
| 008 | 230605s9999||||xx |||||||||||||| ||und|| | ||
| 017 | _a2014/2/621 | ||
| 020 | _a978-9975-550-94-3 | ||
| 040 |
_aJO-AjNU _bara _erda _cJO-AjNU |
||
| 041 | _aara | ||
| 050 | 1 | 4 | _aR128.3 2014 |
| 100 | 3 |
_aالزغول، رفعات, _eauthor _947582 |
|
| 245 | 0 | 0 | _aطب الاسنان في الاردن |
| 264 | 3 | 1 | _aاربد:دار الكتاب الثقافي ، 2014 |
| 300 | _a250ص | ||
| 336 |
_atext _btxt _2rdacontent |
||
| 337 |
_aunmediated _bn _2rdamedia |
||
| 338 |
_avolume _bnc _2rdacarrier |
||
| 650 | 4 |
_aطب الاسنان - الاردن _947583 |
|
| 999 |
_aA20781 _c24349 _d24349 |
||